|
|
|
|
| LEADER |
00000cam a2200000 7i4500 |
| 001 |
0000301511 |
| 005 |
20241025161124.0 |
| 006 |
### ### |
| 007 |
t |
| 008 |
220726t20202020nyuo # 0 eng |
| 020 |
|
|
|a 9780062940612
|
| 040 |
|
|
|a MBPJ
|b eng
|c MBPJ
|e rda
|
| 090 |
0 |
0 |
|a 306.882092
|b ROS
|
| 100 |
1 |
|
|a Rosenthal, Josan B. ,
|e author
|
| 245 |
1 |
0 |
|a my wife said you may want to marry me :
|b a memoir
|c JASON B. ROSENTHAL
|
| 264 |
|
1 |
|a London :
|b HarperCollins Publishers
|c 2020
|
| 264 |
|
4 |
|c ©2020
|
| 300 |
|
|
|a 228 pages :
|b black and white photographs ;
|c 21 cm.
|
| 336 |
|
|
|a text
|2 rdacontent
|
| 337 |
|
|
|a unmediated
|2 rdamedia
|
| 338 |
|
|
|a volume
|2 rdacarrier
|
| 600 |
1 |
0 |
|a Resenthal, Amy Krouse
|
| 600 |
1 |
0 |
|a Rosenthal, Jason
|
| 650 |
|
0 |
|a Spouses of cencer patients
|z United States
|v Biography
|
| 650 |
|
0 |
|a Windowers
|z United States
|v Biography
|
| 999 |
|
|
|a 00401265
|b BUKU
|c PINJAMAN
|e PERPUSTAKAAN KOMUNITI PETALING JAYA
|